00622nam a2200193Ia 4500008004100000020001100041040001800052041000800070100002400078245010800102250001200210260006000222300001700282504002100299650002300320650002600343650003000369650002900399130821s1988 ck gr spa  a958642 aCo-BoUCMbspa aspa aValero Eslava, Luis aCurso práctico de pronunciación inglesa Para turismo, comercio y bachilleratocLuis Valero Eslava. a4a. ed. aBogotá (Cundinamarca, Colombia)bPlata Editoresc1988 a98 páginas aIncluye índice04aInglés comercial04aInglésxEnseñanza04aInglésxPronunciación04aLingüística aplicada